<?xml version="1.0" encoding="UTF-8"?>
<marc:record xmlns:marc="http://www.loc.gov/MARC21/slim">
   <marc:leader>00000nam a2200000 a 4500</marc:leader>
   <marc:datafield ind1="1" ind2=" " tag="100">
      <marc:subfield code="a">Trier, Joachim</marc:subfield>
      <marc:subfield code="4">ctb</marc:subfield>
      <marc:subfield code="e">Mitwirkende/-r</marc:subfield>
   </marc:datafield>
   <marc:datafield ind1=" " ind2=" " tag="653">
      <marc:subfield code="a">Video / Belletristik/Erzählende Literatur</marc:subfield>
   </marc:datafield>
   <marc:datafield ind1=" " ind2=" " tag="653">
      <marc:subfield code="a">DVD-ROM</marc:subfield>
   </marc:datafield>
   <marc:datafield ind1=" " ind2=" " tag="653">
      <marc:subfield code="a">Erzählende Literatur</marc:subfield>
   </marc:datafield>
   <marc:datafield ind1="0" ind2="0" tag="245">
      <marc:subfield code="a">Oslo, 31. August</marc:subfield>
   </marc:datafield>
   <marc:datafield ind1=" " ind2="1" tag="264">
      <marc:subfield code="a">Berlin</marc:subfield>
      <marc:subfield code="b">Absolut Medien</marc:subfield>
      <marc:subfield code="c">2014</marc:subfield>
   </marc:datafield>
   <marc:datafield ind1="1" ind2=" " tag="520">
      <marc:subfield code="a">Angaben aus der Verlagsmeldung

Oslo, 31. August

Einst warst du der coolste Typ in ganz Oslo, erinnert sich Thomas im Gespräch mit seinem besten Freund Anders. Und Anders antwortet ihm lakonisch: Ich bin nur ein verzogener Bengel, der es vermasselt hat. Die beiden jungen Männer haben sich lange nicht mehr gesehen, denn Anders war im Drogenentzug in einer Klinik auf dem Land. Für einen Tag ist Anders nun zurück in Oslo, dessen Versuchungen er früher nicht widerstehen konnte. Zurück bei Freunden, die ihr Leben inzwischen ohne ihn weitergelebt, Familien gegründet haben. Anders, seit nunmehr fast einem Jahr in der Klinik, sucht seinen Platz in einer Welt, die gelernt hat, ohne ihn zu rechtzukommen.
</marc:subfield>
   </marc:datafield>
   <marc:datafield ind1=" " ind2=" " tag="020">
      <marc:subfield code="a">9783848870059</marc:subfield>
      <marc:subfield code="9">9783848870059</marc:subfield>
   </marc:datafield>
   <marc:datafield ind1=" " ind2=" " tag="041">
      <marc:subfield code="a">nor</marc:subfield>
   </marc:datafield>
   <marc:datafield ind1=" " ind2=" " tag="300">
      <marc:subfield code="a">DVD-ROMs (96 Min.)</marc:subfield>
   </marc:datafield>
</marc:record>
